| 000 | 00599nam a22001937a 4500 | ||
|---|---|---|---|
| 942 | _cBK | ||
| 999 |
_c506 _d506 |
||
| 005 | 20250420134813.0 | ||
| 008 | 200727b ||||| |||| 00| 0 eng d | ||
| 020 | _a9781138076051 | ||
| 040 | _cKCST | ||
| 082 |
_a621.395 _bVe |
||
| 245 |
_aVLSI _bcircuits for emerging applications / _cTomasz Wojcicki; Krysztof Iniewski |
||
| 260 |
_aBoca Raton: _bCRC Press; _c2017. |
||
| 300 | _a460 p. | ||
| 650 |
_aIntegrated circuits _v Very large scale integration. _94743 |
||
| 700 |
_aWojcicki, Tomasz _eeditor _94744 |
||
| 700 |
_aIniewski, Krzysztof _eManaging editor _91071 |
||
| 942 | _2ddc | ||